Návrh a realizácia adaptéra MTS 01 Adaptér TTL 3 /

Salvato in:
Dettagli Bibliografici
Autore principale: Meňhart, Peter (Autore)
Ente Autore: Slovenská vysoká škola technická v Bratislave, Elektrotechnická fakulta, Katedra počítačov
Altri autori: Bajtoš, Miroslav (Relatore della tesi)
Natura: Manoscritto Libro
Lingua:slovacco
Pubblicazione: Bratislava : Slovenská vysoká škola technická 1985,
Soggetti:
Tags: Aggiungi Tag
Nessun Tag, puoi essere il primo ad aggiungerne!!

MARC

LEADER 00000ntm a22000003a 4500
001 0064980
003 SK-STU
005 20180511155127.6
007 ta
008 180511s2018----xo-----f-mn---000-0-slo-d
040 |a STU  |b slo 
041 0 |a slo 
044 |a xo  |c SK 
100 1 |a Meňhart, Peter  |4 aut 
245 1 0 |a Návrh a realizácia adaptéra MTS 01  |b Adaptér TTL 3 /  |c aut. Peter Meňhart 
260 |c 1985,  |a Bratislava :  |b Slovenská vysoká škola technická 
300 |a 63 s., schéma 
650 0 7 |a integrované obvody 
700 1 |a Bajtoš, Miroslav  |4 ths 
710 2 |a Slovenská vysoká škola technická v Bratislave,  |b Elektrotechnická fakulta,  |b Katedra počítačov 
996 |c I*DP40/85  |l II680  |s P  |a 0  |w 0064980_0001